Statistics for FIFA 23 Best Player From Each Team Ligue 1 Edition

Click here to take the quiz!

General Stats

  • This quiz has been taken 45 times
  • The average score is 7 of 20

Answer Stats

TeamRatingTotal Face StatsPlayer% Correct
PSG91470Kylian Mbappe
98%
Monaco84438Wissam Ben Yedder
83%
Marseille82420Dmitri Payet
65%
Lyon82462Anthony Lopes
55%
Troyes75390Rony Lopes
55%
Nice83450Kasper Schmeichel
53%
Nantes80438Alban Lafont
50%
Lens81460Seko Fofana
50%
Montpellier81444Teji Savanier
48%
Rennes81459Benjamin Bourigeaud
38%
Lille80363Jose Fonte
28%
Angers77395Sofiane Boufal
20%
Reims78439Junya Ito
18%
Strasbourg79426Mats Sels
18%
Toulouse74424Branco van den Boomen
15%
Auxerre75422Benoit Costil
13%
Brest77412Franck Honorat
10%
Clermont Foot76402Johan Gastien
8%
Lorient75413Yvon Mvogo
8%
Ajaccio73406Benjamin Leroy
3%

Score Distribution

Percentile by Number Answered

Percent of People with Each Score

Your Score History

You have not taken this quiz